Szurkológyűlés a SZEAC-nál

Elmentve itt :
Bibliográfiai részletek
Dokumentumtípus: Cikk
Megjelent: 1967-02-18
Sorozat:Délmagyarország 57 No. 42
Kulcsszavak:Gulyás Ferenc, Rábay László, Zsirai Kálmán, Dobó János, Vásárhelyi István, I., Vass Ferenc, Zádori Gyula, Dezsőfi Ferenc, Labdarúgás Szeged 1967, labdarúgás
Online Access:http://dmarchiv.bibl.u-szeged.hu/70363
LEADER 00558nab a2200145 i 4500
001 delm70363
005 20180927153722.0
008 180927s1967 hu o 0|| hun d
040 |a SZTE Délmagyarország Archívum  |b hun 
041 |a hun 
245 0 0 |a Szurkológyűlés a SZEAC-nál  |h [elektronikus dokumentum] 
260 |c 1967-02-18 
300 |a 6 
490 0 |a Délmagyarország  |v 57 No. 42 
695 |a Gulyás Ferenc, Rábay László, Zsirai Kálmán, Dobó János, Vásárhelyi István, I., Vass Ferenc, Zádori Gyula, Dezsőfi Ferenc, Labdarúgás Szeged 1967, labdarúgás